000 00684nam a22001935i 4500
001 54315
003 ES-MaACL
005 20230906162933.0
007 t|
008 960717s1891 it ||||1| ita d
040 _aCAM
_bspa
_cCAM
100 1 _aFlügge, Karl.
_951371
245 1 0 _aIstituzioni di igiene per studenti, medici pratici, ufficiali saniterii, ecc. /
_cdel dr. C. Flügge; traduzione italiana del dr. Saverio Santoni; con prefazione e note del dr. Angelo Celli.
260 _aNapoli :
_bV. Pasquale,
_c1891 (
_fTip. A. Trani)
300 _aVII, 537 p. ;
_c24 cm.
700 1 _aSantoni, Saverio.
_9103449
700 1 _aCelli, Angelo.
_937367
852 _aES-MaACL
_jF-957
999 _c54315
_d54315